000 nam a22 7a 4500
999 _c10912
_d10912
008 180308b ||||| |||| 00| 0 eng d
100 _aGandhi,M.K.
_96722
245 _aThe story of my experiments with truth
260 _aNew Delhi
_bPuffin
_c2006